[Event "Tashkent FIDE Grand Prix 2014"]
[Site "Tashkent UZB"]
[Date "2014.10.21"]
[Round "1.5"]
[White "Kasimdzhanov, Rustam"]
[Black "Jakovenko, Dmitry"]
[Result "1/2-1/2"]
[WhiteElo "2706"]
[BlackElo "2747"]
[PlyCount "121"]
[EventDate "2014.10.21"]
[EventType "tourn"]
[EventRounds "11"]
[EventCountry "UZB"]
[EventCategory "21"]
[Source "lmi"]
[SourceDate "2014.10.21"]

1. e4 e5 2. Nf3 Nc6 3. Bb5 Nf6 4. O-O Nxe4 5. Re1 Nd6 6. Nxe5 Be7 7. Bf1 Nxe5
8. Rxe5 O-O 9. Nc3 Ne8 10. Nd5 Bd6 11. Re2 c6 12. Ne3 Bc7 13. Nf5 d5 14. Ne7+
Kh8 15. Nxc8 Rxc8 16. d3 Nf6 17. g3 Ng4 18. h3 Nf6 19. Bd2 Qd7 20. Bg2 Rce8 21.
Rxe8 Rxe8 22. Qf3 Kg8 23. Re1 Rxe1+ 24. Bxe1 Qe6 25. Kf1 g6 26. Qe2 h5 27. Bd2
Ne8 28. c4 Be5 29. b3 Nf6 30. Qe3 a6 31. Bb4 Kg7 32. a4 Bb2 33. Bd2 Qd6 34. b4
Nd7 35. cxd5 cxd5 36. a5 Nf6 37. Bf3 Qd7 38. Kg2 Qf5 39. Qe2 Bd4 40. g4 hxg4
41. hxg4 Qe6 42. g5 Ng8 43. Bg4 Qxe2 44. Bxe2 Ne7 45. Bd1 f6 46. gxf6+ Kxf6 47.
Ba4 Nf5 48. b5 axb5 49. Bxb5 Nh4+ 50. Kf1 Nf3 51. Bb4 g5 52. Ke2 Ne5 53. Bd2
Kf5 54. Ba4 Kf6 55. Bb3 Ke6 56. Ba4 Kf6 57. Bb5 Kf5 58. Be8 Kf6 59. Ba4 Kf5 60.
f3 Kf6 61. Bb3 1/2-1/2

[Event "Tashkent FIDE Grand Prix 2014"]
[Site "Tashkent UZB"]
[Date "2014.10.23"]
[Round "3.4"]
[White "Kasimdzhanov, Rustam"]
[Black "Jobava, Baadur"]
[Result "0-1"]
[WhiteElo "2706"]
[BlackElo "2717"]
[PlyCount "66"]
[EventDate "2014.10.21"]
[EventType "tourn"]
[EventRounds "11"]
[EventCountry "UZB"]
[EventCategory "21"]
[Source "lmi"]
[SourceDate "2014.10.21"]

1. e4 e6 2. d4 d5 3. Nc3 dxe4 4. Nxe4 Bd7 5. Nf3 Bc6 6. Bd3 Nd7 7. O-O Ngf6 8.
Ng3 g6 9. c4 Bg7 10. d5 exd5 11. Re1+ Kf8 12. cxd5 Bxd5 13. Qc2 c6 14. Ng5 Kg8
15. Bf4 Nf8 16. Rad1 Qa5 17. a3 Rd8 18. Bd2 Qb6 19. Be3 Qc7 20. h3 h6 21. N5e4
Ne6 22. Nxf6+ Bxf6 23. Be4 Kg7 24. Bxa7 b6 25. Bxd5 Nd4 26. Qa4 Rxd5 27. Qa6
Qd7 28. Rxd4 Bxd4 29. Bxb6 c5 30. Ba5 Bxb2 31. Qc4 Bd4 32. Bc3 Ra8 33. Re3 Rxa3
0-1

[Event "Tashkent FIDE Grand Prix 2014"]
[Site "Tashkent UZB"]
[Date "2014.10.23"]
[Round "3.5"]
[White "Radjabov, Teimour"]
[Black "Vachier-Lagrave, Maxime"]
[Result "1/2-1/2"]
[WhiteElo "2726"]
[BlackElo "2757"]
[PlyCount "81"]
[EventDate "2014.10.21"]
[EventType "tourn"]
[EventRounds "11"]
[EventCountry "UZB"]
[EventCategory "21"]
[Source "lmi"]
[SourceDate "2014.10.21"]

1. e4 c5 2. Nf3 d6 3. d4 cxd4 4. Nxd4 Nf6 5. Nc3 a6 6. f3 e5 7. Nb3 Be6 8. Be3
Be7 9. Qd2 O-O 10. O-O-O Nbd7 11. g4 b5 12. g5 b4 13. Ne2 Ne8 14. f4 a5 15. f5
a4 16. fxe6 axb3 17. cxb3 fxe6 18. Bh3 Rxa2 19. Bxe6+ Kh8 20. Ng3 Nc7 21. Bc4
Qa8 22. Rhf1 Rxf1 23. Rxf1 Ra1+ 24. Kc2 Rxf1 25. Bxf1 d5 26. Qf2 g6 27. h4 Qf8
28. Qxf8+ Nxf8 29. Ba7 dxe4 30. Bb8 Nfe6 31. Nxe4 h6 32. Bc4 hxg5 33. hxg5 Kg7
34. Kd3 Kf8 35. Ke3 Bd8 36. Bxe6 Nxe6 37. Bxe5 Nxg5 38. Bd6+ Ke8 39. Bxb4 Nxe4
40. Kxe4 Kd7 41. Kd5 1/2-1/2

[Event "Tashkent FIDE Grand Prix 2014"]
[Site "Tashkent UZB"]
[Date "2014.10.24"]
[Round "4.1"]
[White "Gelfand, Boris"]
[Black "Jakovenko, Dmitry"]
[Result "1/2-1/2"]
[WhiteElo "2748"]
[BlackElo "2747"]
[PlyCount "61"]
[EventDate "2014.10.21"]
[EventType "tourn"]
[EventRounds "11"]
[EventCountry "UZB"]
[EventCategory "21"]
[Source "lmi"]
[SourceDate "2014.10.21"]

1. d4 Nf6 2. c4 e6 3. Nf3 d5 4. Nc3 Be7 5. Bf4 O-O 6. e3 Nbd7 7. c5 Nh5 8. Be2
Nxf4 9. exf4 c6 10. O-O b6 11. b4 a5 12. a3 Qc7 13. g3 Ba6 14. Qc2 Bxe2 15.
Nxe2 Ra7 16. Rab1 axb4 17. axb4 Rfa8 18. Nc1 Bf6 19. Nd3 Ra4 20. Rfc1 bxc5 21.
Nxc5 Nxc5 22. Qxc5 Be7 23. Qxc6 Qxc6 24. Rxc6 Rxb4 25. Rxb4 Bxb4 26. Kf1 Be7
27. Ke2 g6 28. h4 h5 29. Rc7 Bf6 30. Ke3 Ra3+ 31. Ke2 1/2-1/2

[Event "Tashkent FIDE Grand Prix 2014"]
[Site "Tashkent UZB"]
[Date "2014.10.24"]
[Round "4.2"]
[White "Vachier-Lagrave, Maxime"]
[Black "Karjakin, Sergey"]
[Result "1/2-1/2"]
[WhiteElo "2757"]
[BlackElo "2767"]
[PlyCount "101"]
[EventDate "2014.10.21"]
[EventType "tourn"]
[EventRounds "11"]
[EventCountry "UZB"]
[EventCategory "21"]
[Source "lmi"]
[SourceDate "2014.10.21"]

1. d4 Nf6 2. c4 e6 3. Nf3 b6 4. g3 Ba6 5. Qb3 Nc6 6. Nbd2 Na5 7. Qc3 c5 8. dxc5
bxc5 9. e4 Bb7 10. e5 Ne4 11. Nxe4 Bxe4 12. Bg2 Nc6 13. O-O Rb8 14. b3 Be7 15.
Bb2 O-O 16. Qe3 Bxf3 17. Bxf3 Nd4 18. Bxd4 cxd4 19. Qxd4 Qc7 20. Rad1 Rfd8 21.
Qe4 Qa5 22. Qe2 d6 23. exd6 Bxd6 24. h4 Bc5 25. Kg2 Qc7 26. Qe4 a5 27. h5 h6
28. Be2 Kf8 29. f4 Rxd1 30. Rxd1 Rd8 31. f5 Rxd1 32. Bxd1 Ke7 33. Bg4 Qd6 34.
fxe6 fxe6 35. Kh3 Bd4 36. Qb7+ Kf6 37. a3 Bc5 38. Qf3+ Ke7 39. Qc3 Kf7 40. Qxa5
Bxa3 41. Qe1 Bc5 42. Qb1 Ke7 43. Qe4 Bb4 44. Bf5 Bc5 45. Bg6 Kd8 46. Qa8+ Kc7
47. b4 Bxb4 48. Qa7+ Kc8 49. Qxg7 Qf8 50. Qa1 Qf3 51. Qa6+ 1/2-1/2

[Event "Tashkent FIDE Grand Prix 2014"]
[Site "Tashkent UZB"]
[Date "2014.10.24"]
[Round "4.3"]
[White "Jobava, Baadur"]
[Black "Radjabov, Teimour"]
[Result "1/2-1/2"]
[WhiteElo "2717"]
[BlackElo "2726"]
[PlyCount "80"]
[EventDate "2014.10.21"]
[EventType "tourn"]
[EventRounds "11"]
[EventCountry "UZB"]
[EventCategory "21"]
[Source "lmi"]
[SourceDate "2014.10.21"]

1. d4 Nf6 2. c4 g6 3. Nc3 d5 4. Bg5 Bg7 5. Bxf6 Bxf6 6. cxd5 c5 7. Nf3 cxd4 8.
Nxd4 Qb6 9. e3 Qxb2 10. Bb5+ Nd7 11. Rc1 O-O 12. O-O a6 13. Bxd7 Bxd7 14. d6
exd6 15. Nd5 Bd8 16. Qf3 Rc8 17. Rb1 Qxa2 18. Rxb7 Rc5 19. Nb4 Qa4 20. Nxa6 Bc6
21. Nxc6 Rf5 22. Rb4 Qxa6 23. Rf4 Rxf4 24. exf4 Bf6 25. Nb4 Qc4 26. Nd5 Kg7 27.
f5 Qd4 28. Rd1 Qe5 29. fxg6 hxg6 30. g3 Re8 31. h4 Bd8 32. Nf4 Qe4 33. Qg4 Bb6
34. h5 Bc5 35. Rf1 Qf5 36. Qxf5 gxf5 37. Rb1 Re7 38. Kg2 Ra7 39. Rb3 Kh6 40.
Rf3 Re7 1/2-1/2

[Event "Tashkent FIDE Grand Prix 2014"]
[Site "Tashkent UZB"]
[Date "2014.10.26"]
[Round "5.6"]
[White "Jakovenko, Dmitry"]
[Black "Vachier-Lagrave, Maxime"]
[Result "1-0"]
[WhiteElo "2747"]
[BlackElo "2757"]
[PlyCount "93"]
[EventDate "2014.10.21"]
[EventType "tourn"]
[EventRounds "11"]
[EventCountry "UZB"]
[EventCategory "21"]
[Source "lmi"]
[SourceDate "2014.10.21"]

1. Nf3 Nf6 2. c4 g6 3. Nc3 d5 4. cxd5 Nxd5 5. Qb3 Nb6 6. d4 Bg7 7. e4 Bg4 8.
Bb5+ c6 9. Ng5 O-O 10. Be2 Bxe2 11. Nxe2 c5 12. dxc5 N6d7 13. Qxb7 Qa5+ 14. Bd2
Qa6 15. c6 Qxc6 16. Qxc6 Nxc6 17. Rc1 Rac8 18. b3 Bb2 19. Rd1 Nce5 20. Be3 h6
21. Nf3 Nxf3+ 22. gxf3 Ne5 23. f4 Ng4 24. Bxa7 Ra8 25. Rd2 Ba3 26. Bd4 Rfc8 27.
Bc3 Nf6 28. f3 Nh5 29. Rd3 Bd6 30. e5 Bc5 31. a4 Rab8 32. Ba5 Ra8 33. Bd2 Rab8
34. Rc3 Kh7 35. Kd1 Ng7 36. b4 Ba7 37. Rxc8 Rxc8 38. Nc3 Nf5 39. Nb5 Be3 40.
Re1 Rd8 41. Re2 Bxf4 42. Kc2 Bxd2 43. Rxd2 Ne3+ 44. Kc3 Nd1+ 45. Rxd1 Rxd1 46.
a5 h5 47. Na3 1-0

[Event "Tashkent FIDE Grand Prix 2014"]
[Site "Tashkent UZB"]
[Date "2014.10.27"]
[Round "6.1"]
[White "Gelfand, Boris"]
[Black "Vachier-Lagrave, Maxime"]
[Result "1/2-1/2"]
[WhiteElo "2748"]
[BlackElo "2757"]
[PlyCount "74"]
[EventDate "2014.10.21"]
[EventType "tourn"]
[EventRounds "11"]
[EventCountry "UZB"]
[EventCategory "21"]
[Source "lmi"]
[SourceDate "2014.10.21"]

1. d4 Nf6 2. c4 g6 3. Nc3 d5 4. Bf4 Bg7 5. e3 O-O 6. Rc1 c5 7. dxc5 Qa5 8. cxd5
Rd8 9. Bc4 e6 10. Nge2 Nxd5 11. Bd6 Nxc3 12. Nxc3 b5 13. Bd3 b4 14. Ne4 b3+ 15.
Qd2 Qxd2+ 16. Kxd2 bxa2 17. Ra1 Bb7 18. Rxa2 Bd5 19. Ra4 Nc6 20. b4 Ne5 21. b5
f5 22. Nc3 Bxg2 23. Rha1 Nxd3 24. Kxd3 Rac8 25. Rc4 Be4+ 26. Ke2 Rxd6 27. cxd6
Rxc4 28. Nxe4 fxe4 29. d7 Bf6 30. Rxa7 Rc2+ 31. Kf1 Rd2 32. b6 Kf8 33. Ra8+ Ke7
34. b7 Be5 35. b8=Q Bxb8 36. Rxb8 Rxd7 37. Rb4 Kf6 1/2-1/2

[Event "Tashkent FIDE Grand Prix 2014"]
[Site "Tashkent UZB"]
[Date "2014.10.27"]
[Round "6.2"]
[White "Jobava, Baadur"]
[Black "Jakovenko, Dmitry"]
[Result "1/2-1/2"]
[WhiteElo "2717"]
[BlackElo "2747"]
[PlyCount "73"]
[EventDate "2014.10.21"]
[EventType "tourn"]
[EventRounds "11"]
[EventCountry "UZB"]
[EventCategory "21"]
[Source "lmi"]
[SourceDate "2014.10.21"]

1. d4 Nf6 2. c4 e6 3. Nc3 Bb4 4. e3 O-O 5. Bd3 d5 6. cxd5 exd5 7. Nge2 Re8 8.
O-O Bf8 9. Bd2 c6 10. Rc1 a5 11. f3 c5 12. Be1 Rxe3 13. Bh4 Nc6 14. Nf4 Be6 15.
dxc5 Bxc5 16. Kh1 Be7 17. Bxf6 Bxf6 18. Ncxd5 Bxd5 19. Nxd5 Re8 20. Qb3 Be5 21.
Qxb7 Ne7 22. f4 Qxd5 23. Qxd5 Nxd5 24. fxe5 Ne3 25. Rf4 Rad8 26. e6 Rxe6 27.
Rd4 Ree8 28. Rxd8 Rxd8 29. Kg1 g6 30. Be4 Rd2 31. Rc3 Ng4 32. Bf3 Ne5 33. Ra3
Rxb2 34. Rxa5 Nxf3+ 35. gxf3 Kg7 36. Ra6 Kh6 37. Ra7 1/2-1/2

[Event "Tashkent FIDE Grand Prix 2014"]
[Site "Tashkent UZB"]
[Date "2014.10.29"]
[Round "8.1"]
[White "Gelfand, Boris"]
[Black "Jobava, Baadur"]
[Result "0-1"]
[WhiteElo "2748"]
[BlackElo "2717"]
[PlyCount "60"]
[EventDate "2014.10.21"]
[EventType "tourn"]
[EventRounds "11"]
[EventCountry "UZB"]
[EventCategory "21"]
[Source "lmi"]
[SourceDate "2014.10.21"]

1. d4 e6 2. c4 b6 3. e4 Bb7 4. Bd3 Bb4+ 5. Bd2 Bxd2+ 6. Nxd2 d6 7. f4 Nd7 8.
Qg4 Ngf6 9. Qxg7 Rg8 10. Qh6 Rxg2 11. Ngf3 Qe7 12. Qh3 Rg7 13. O-O-O Ng4 14.
Qg3 Ndf6 15. Ng5 h6 16. Nh3 O-O-O 17. Rde1 Nh5 18. Qf3 Qh4 19. Re2 Kb8 20. Bc2
f5 21. Qf1 Nhf6 22. Nf3 Qh5 23. exf5 exf5 24. d5 Re8 25. Rxe8+ Qxe8 26. Qd3 Re7
27. Rf1 Ne3 28. Rf2 Ba6 29. Bb3 Nexd5 30. Qxf5 Bxc4 0-1

[Event "Tashkent FIDE Grand Prix 2014"]
[Site "Tashkent UZB"]
[Date "2014.10.31"]
[Round "9.1"]
[White "Kasimdzhanov, Rustam"]
[Black "Gelfand, Boris"]
[Result "1/2-1/2"]
[WhiteElo "2706"]
[BlackElo "2748"]
[PlyCount "110"]
[EventDate "2014.10.21"]
[EventType "tourn"]
[EventRounds "11"]
[EventCountry "UZB"]
[EventCategory "21"]
[Source "lmi"]
[SourceDate "2014.10.21"]

1. e4 c5 2. Nf3 d6 3. d4 cxd4 4. Nxd4 Nf6 5. Nc3 a6 6. Bc4 e6 7. O-O Be7 8. Bb3
b5 9. Qf3 Qc7 10. Qg3 O-O 11. Bh6 Ne8 12. Rad1 Bd7 13. f4 Nc6 14. Nxc6 Bxc6 15.
f5 Kh8 16. f6 gxh6 17. fxe7 Qxe7 18. Qf2 Ng7 19. Qb6 Rfc8 20. Rf2 a5 21. a4
bxa4 22. Bxa4 Rab8 23. Qxa5 Bxa4 24. Nxa4 Qb7 25. Re2 Rc6 26. b3 f5 27. e5 d5
28. Rf1 h5 29. Rff2 h4 30. Qd2 Qe7 31. Qh6 Kg8 32. h3 Rb4 33. Nb2 Re4 34. Nd3
Qc7 35. Qg5 Rxe2 36. Rxe2 Rxc2 37. Rxc2 Qxc2 38. Ne1 Qxb3 39. Qd8+ Kf7 40. Nf3
Qe3+ 41. Kf1 h6 42. Qxh4 Kg6 43. Qf6+ Kh7 44. Qd8 Qa7 45. Qh4 Qd7 46. Kg1 Qe8
47. Kh2 Nh5 48. Qb4 Qg6 49. Qe7+ Qg7 50. Qh4 Qf7 51. Nd4 Qg6 52. Qe7+ Ng7 53.
g3 Qg5 54. Qxg5 hxg5 55. g4 fxg4 1/2-1/2

[Event "Tashkent FIDE Grand Prix 2014"]
[Site "Tashkent UZB"]
[Date "2014.11.01"]
[Round "10.1"]
[White "Gelfand, Boris"]
[Black "Andreikin, Dmitry"]
[Result "1/2-1/2"]
[WhiteElo "2748"]
[BlackElo "2722"]
[PlyCount "108"]
[EventDate "2014.10.21"]
[EventType "tourn"]
[EventRounds "11"]
[EventCountry "UZB"]
[EventCategory "21"]
[Source "lmi"]
[SourceDate "2014.10.21"]

1. d4 d5 2. c4 c6 3. Nf3 Nf6 4. e3 a6 5. Nc3 e6 6. c5 b6 7. cxb6 Qxb6 8. Na4
Qc7 9. Bd2 a5 10. Rc1 Bd6 11. Bd3 Ba6 12. Qe2 O-O 13. O-O Bxd3 14. Qxd3 Nbd7
15. Rc2 Rfc8 16. Rfc1 Qb7 17. Be1 Ne4 18. Nd2 Nxd2 19. Bxd2 Qa6 20. Qxa6 Rxa6
21. f3 f5 22. e4 fxe4 23. fxe4 dxe4 24. Nc3 Nf6 25. Re1 e3 26. Bxe3 Bb4 27.
Rec1 Bxc3 28. bxc3 c5 29. dxc5 Ng4 30. Bd4 e5 31. h3 exd4 32. hxg4 Rxc5 33.
cxd4 Rxc2 34. Rxc2 Rg6 35. Kf2 Rxg4 36. Ke3 Kf7 37. Re2 Rg6 38. Kd3 Re6 39. Rb2
Rg6 40. Kc4 Ke7 41. Kb5 Rd6 42. Kc5 Rg6 43. a4 h5 44. d5 h4 45. Kb5 Rd6 46. Rd2
g5 47. Kxa5 g4 48. Kb5 h3 49. gxh3 gxh3 50. a5 Rh6 51. Rh2 Kd6 52. a6 Kc7 53.
Kc5 Rxa6 54. Rxh3 Rg6 1/2-1/2

[Event "Tashkent FIDE Grand Prix 2014"]
[Site "Tashkent UZB"]
[Date "2014.11.01"]
[Round "10.6"]
[White "Kasimdzhanov, Rustam"]
[Black "Radjabov, Teimour"]
[Result "1/2-1/2"]
[WhiteElo "2706"]
[BlackElo "2726"]
[PlyCount "67"]
[EventDate "2014.10.21"]
[EventType "tourn"]
[EventRounds "11"]
[EventCountry "UZB"]
[EventCategory "21"]
[Source "lmi"]
[SourceDate "2014.10.21"]

1. e4 c5 2. Nf3 e6 3. d4 cxd4 4. Nxd4 Nc6 5. Nb5 d6 6. c4 Nf6 7. N1c3 a6 8. Na3
Be7 9. Be2 O-O 10. O-O b6 11. Be3 Bb7 12. Qb3 Nd7 13. Rfd1 Nc5 14. Qc2 Rb8 15.
Rac1 Ba8 16. Nab1 e5 17. Qd2 g6 18. Bf1 Kh8 19. f3 Ne6 20. Nd5 Bg5 21. Bxg5
Nxg5 22. Nbc3 Nd4 23. Qe3 Nge6 24. f4 f6 25. Rd2 b5 26. cxb5 axb5 27. b4 Bc6
28. Rf2 g5 29. fxe5 fxe5 30. Rd1 Qd7 31. Rdd2 Qg7 32. Rxf8+ Rxf8 33. Rf2 Nf4
34. g3 1/2-1/2

[Event "Tashkent FIDE Grand Prix 2014"]
[Site "Tashkent UZB"]
[Date "2014.11.02"]
[Round "11.1"]
[White "Radjabov, Teimour"]
[Black "Gelfand, Boris"]
[Result "1/2-1/2"]
[WhiteElo "2726"]
[BlackElo "2748"]
[PlyCount "81"]
[EventDate "2014.10.21"]
[EventType "tourn"]
[EventRounds "11"]
[EventCountry "UZB"]
[EventCategory "21"]
[Source "lmi"]
[SourceDate "2014.10.21"]

1. Nf3 c5 2. c4 Nc6 3. Nc3 Nf6 4. g3 d5 5. d4 cxd4 6. Nxd4 dxc4 7. Nxc6 Qxd1+
8. Nxd1 bxc6 9. Bg2 Nd5 10. Ne3 e6 11. Nxc4 Ba6 12. Na5 Rc8 13. Bd2 Be7 14. Rc1
c5 15. b3 O-O 16. O-O Rfd8 17. Bf3 Bf6 18. a4 Nb6 19. Be3 c4 20. Nxc4 Bxc4 21.
bxc4 Nxa4 22. Bxa7 Rc7 23. Be3 Rdc8 24. c5 Nxc5 25. Bf4 e5 26. Be3 h6 27. Bg4
Ne6 28. Rb1 Re8 29. Rb6 Bg5 30. Bxe6 Rxe6 31. Rxe6 fxe6 32. Bxg5 hxg5 33. Rb1
Kf7 34. Rb4 Kf6 35. Kg2 Rc2 36. Kf3 Ra2 37. h3 Kf5 38. e4+ Kg6 39. Rb8 Ra4 40.
Rb2 Rc4 41. Re2 1/2-1/2

[Event "Tashkent FIDE Grand Prix 2014"]
[Site "Tashkent UZB"]
[Date "2014.11.02"]
[Round "11.6"]
[White "Andreikin, Dmitry"]
[Black "Giri, Anish"]
[Result "1/2-1/2"]
[WhiteElo "2722"]
[BlackElo "2758"]
[PlyCount "62"]
[EventDate "2014.10.21"]
[EventType "tourn"]
[EventRounds "11"]
[EventCountry "UZB"]
[EventCategory "21"]
[Source "lmi"]
[SourceDate "2014.10.21"]

1. d4 d5 2. Nf3 Nf6 3. c4 e6 4. Bg5 h6 5. Bxf6 Qxf6 6. Nc3 c6 7. e3 g6 8. Bd3
Bg7 9. O-O O-O 10. Ne5 dxc4 11. Nxc4 Qe7 12. Qb3 b6 13. Be4 Bb7 14. Rfd1 Na6
15. a3 Rfd8 16. Rd2 c5 17. Rad1 cxd4 18. exd4 Bxe4 19. Nxe4 Nc7 20. Nc3 Rd7 21.
Ne5 Bxe5 22. dxe5 Rxd2 23. Rxd2 Qg5 24. Rd7 Qxe5 25. g3 Na6 26. Qd1 Rf8 27.
Rxa7 Nc5 28. Qf3 Qb8 29. Nb5 Qe5 30. Nc3 Qb8 31. Nb5 Qe5 1/2-1/2